000 00810nam a2200217 4500
003 CO-ViMGA
020 _a9789588617787
040 _aCO-ViMGA
_bspa
_cCO-ViMGA
090 _aC MAR22
100 1 _aMartin, George R. R,
_d1948-
_92404
245 1 0 _aEl caballero de los siete reinos :
_bLa eternidad y un día /
_cGeorge R.R. Martin
260 _aBogotá :
_bPenguin Random House,
_c2016.
300 _a358 páginas ;
_b23 cm.
490 _aPlan Nacional de Lectura y Escritura Leer es mi cuento / Ministerio de cultura
650 1 4 _aAmistad en la literatura
_97674
650 1 4 _aAventuras en la literatura
_97824
650 1 4 _aCaballeros y caballería en la literatura
_98214
650 1 4 _aCuentos estadounidenses
_ySiglo XX
_98358
650 1 4 _aLiteratura estadounidense
_ySiglo XX
_98357
942 _2ddc
_cBK
999 _c7571
_d7571